[Event "GER-chT U14 Girls"]
[Site "Duesseldorf"]
[Date "2016.12.30"]
[Round "7.4"]
[White "Schilz, Luna"]
[Black "Elier, Basmalah"]
[Result "0-1"]
[WhiteElo "1110"]
[BlackElo "756"]
[PlyCount "44"]
[EventDate "2016.12.27"]
[EventType "team-swiss"]
[EventRounds "7"]
[EventCountry "GER"]
[SourceTitle "EXT 2018"]
[Source "ChessBase"]
[SourceDate "2017.10.13"]
[SourceVersion "1"]
[SourceVersionDate "2017.10.13"]
[SourceQuality "1"]
[WhiteTeam "Konz Karthaus"]
[BlackTeam "Brackel"]
[WhiteTeamCountry "GER"]
[BlackTeamCountry "GER"]

1. e4 e5 2. Nf3 Nc6 3. Bc4 Nf6 4. Ng5 d5 5. exd5 Nxd5 6. d3 Be7 7. Qf3 0-0 8. h4 Be6 9. Nxe6 fxe6 10. Qg3 Ndb4 11. Na3 Nd4 12. Bb3 Nf5 13. Bxe6+ Kh8 14. Bxf5 Rxf5 15. h5 Bd6 16. h6 gxh6 17. Bxh6 Qf6 18. 0-0 Qxh6 19. c3 Rh5 20. f3 e4 21. Qg4 Nxd3 22. Qxe4 Rh1# 0-1

[Event "GER-chT U14 Girls"]
[Site "Duesseldorf"]
[Date "2016.12.29"]
[Round "5.4"]
[White "Runds, Emily Sophie"]
[Black "Schilz, Luna"]
[Result "1-0"]
[WhiteElo "1087"]
[BlackElo "1110"]
[PlyCount "145"]
[EventDate "2016.12.27"]
[EventType "team-swiss"]
[EventRounds "7"]
[EventCountry "GER"]
[SourceTitle "EXT 2018"]
[Source "ChessBase"]
[SourceDate "2017.10.13"]
[SourceVersion "1"]
[SourceVersionDate "2017.10.13"]
[SourceQuality "1"]
[WhiteTeam "Erfurt Empor"]
[BlackTeam "Konz Karthaus"]
[WhiteTeamCountry "GER"]
[BlackTeamCountry "GER"]

1. e4 e5 2. Nf3 Nc6 3. d4 exd4 4. Nxd4 Bc5 5. Be3 Nf6 6. Nxc6 dxc6 7. Qxd8+ Kxd8 8. Bxc5 Nxe4 9. Bd4 f6 10. Nc3 Bf5 11. Bd3 Nxc3 12. Bxc3 Re8+ 13. Kd1 Bxd3 14. cxd3 Kd7 15. Re1 Rf8 16. Bb4 Rf7 17. Kd2 Rd8 18. Re2 Kc8 19. Rae1 Rfd7 20. Kc2 b6 21. Re8 Rxd3 22. Rxd8+ Rxd8 23. Re7 c5 24. Bd2 Rg8 25. Bf4 c6 26. Rc7+ Kd8 27. Rxa7 Re8 28. Bc7+ Kc8 29. Kc3 b5 30. Ba5 Re2 31. Rc7+ Kb8 32. Rd7 Rxf2 33. Rd8+ Kb7 34. Rh8 Rxg2 35. Rxh7 Ka6 36. Bd8 f5 37. Rh5 g6 38. Rg5 Rxh2 39. Rxg6 f4 40. Rxc6+ Kb7 41. Rxc5 f3 42. Rxb5+ Kc6 43. Rb6+ Kd7 44. Rf6 Rh3 45. Bb6 Ke7 46. Rf4 Ke6 47. Kd3 f2+ 48. Ke4 Rh4 49. Bxf2 Rh1 50. Bd4 Ra1 51. a3 Kd6 52. Rf5 Kc6 53. Rc5+ Kd6 54. Ra5 Rc1 55. b4 Kc6 56. b5+ Kb7 57. Ra7+ Kb8 58. b6 Rb1 59. Be5+ Kc8 60. Rc7+ Kd8 61. b7 Re1+ 62. Kf5 Rb1 63. Rc8+ Kd7 64. b8Q Rxb8 65. Rxb8 Kc6 66. a4 Kd7 67. a5 Kc6 68. a6 Kd7 69. a7 Kc6 70. a8Q+ Kd7 71. Qd5+ Ke7 72. Rb7+ Ke8 73. Qg8# 1-0

[Event "GER-chT U14 Girls"]
[Site "Duesseldorf"]
[Date "2016.12.27"]
[Round "2.4"]
[White "Schilz, Luna"]
[Black "Paulweber, Lara Maria"]
[Result "0-1"]
[WhiteElo "1110"]
[BlackElo "1324"]
[PlyCount "96"]
[EventDate "2016.12.27"]
[EventType "team-swiss"]
[EventRounds "7"]
[EventCountry "GER"]
[SourceTitle "EXT 2018"]
[Source "ChessBase"]
[SourceDate "2017.10.13"]
[SourceVersion "1"]
[SourceVersionDate "2017.10.13"]
[SourceQuality "1"]
[WhiteTeam "Konz Karthaus"]
[BlackTeam "Duesseldorf SK"]
[WhiteTeamCountry "GER"]
[BlackTeamCountry "GER"]

1. e4 e6 2. d4 d5 3. exd5 exd5 4. Nf3 Bg4 5. Be2 Bd6 6. Nc3 c6 7. 0-0 Qc7 8. g3 Nf6 9. Re1 0-0 10. Bf1 Nbd7 11. Bg2 Rfe8 12. Be3 Re7 13. Qd3 Rae8 14. Re2 h6 15. Rae1 Ne4 16. a3 Ndf6 17. Bd2 Qb6 18. Bc1 Qc7 19. h3 Bf5 20. Nh4 Nxc3 21. Rxe7 Bxd3 22. Rxc7 Rxe1+ 23. Kh2 Bxc7 24. Bd2 Re2 25. Bxc3 Rxc2 26. Nf3 Rxf2 27. Ne1 Be4 28. h4 Bxg2 29. Nxg2 Ne4 30. Be1 Bxg3+ 31. Kh3 Rxg2 32. Kxg2 Bxe1 33. Kf1 Bxh4 34. Ke2 Bf2 35. Kd3 h5 36. Ke2 h4 37. Kf1 h3 38. b4 Ng3+ 39. Kxf2 h2 40. Kxg3 h1Q 41. Kf2 Qe4 42. Kg3 Kh7 43. Kf2 Kh6 44. Kg3 Kg5 45. Kf2 Kf4 46. Kg1 Qe2 47. Kh1 Kg3 48. Kg1 Qg2# 0-1

[Event "SVR-op"]
[Site "Trier"]
[Date "2016.03.26"]
[Round "7"]
[White "Schilz, Luna"]
[Black "Berg, Nils"]
[Result "0-1"]
[WhiteElo "797"]
[BlackElo "1141"]
[PlyCount "96"]
[EventDate "2016.03.19"]
[EventType "swiss"]
[EventRounds "7"]
[EventCountry "GER"]
[SourceTitle "CBM 171 Extra"]
[Source "ChessBase"]
[SourceDate "2016.04.26"]
[SourceVersion "1"]
[SourceVersionDate "2016.04.26"]
[SourceQuality "1"]

1. e4 b6 2. Nf3 Bb7 3. Nc3 Nc6 4. Bc4 e5 5. d3 Nf6 6. Ng5 d5 7. exd5 Ne7 8. d6 Ned5 9. Nxd5 Nxd5 10. Bxd5 Bxd5 11. 0-0 Bxd6 12. Be3 Bc5 13. Nf3 Bd6 14. Re1 0-0 15. Bg5 Bxf3 16. Bxd8 Bxd1 17. Raxd1 Raxd8 18. d4 exd4 19. Rxd4 Bc5 20. Ra4 a5 21. h3 Rfe8 22. Rae4 Rxe4 23. Rxe4 g6 24. Re2 Rd7 25. Re8+ Kg7 26. Re2 Rd1+ 27. Kh2 h5 28. a3 Bd6+ 29. g3 h4 30. Re3 hxg3+ 31. fxg3 Rd2+ 32. Kg1 Bc5 33. Kf1 Bxe3 34. b4 Rxc2 35. bxa5 bxa5 36. a4 Ra2 37. g4 Rxa4 38. Ke2 Rb4 39. Kxe3 a4 40. Kd3 Rb6 41. h4 a3 42. h5 a2 43. hxg6 a1Q 44. gxf7 Qf1+ 45. Kd4 Rd6+ 46. Kc5 Qc1+ 47. Kb5 Rb6+ 48. Ka5 Qa1# 0-1

[Event "SVR-op"]
[Site "Trier"]
[Date "2016.03.19"]
[Round "1"]
[White "Schilz, Luna"]
[Black "Schaefer, Peter"]
[Result "0-1"]
[WhiteElo "797"]
[BlackElo "1597"]
[PlyCount "62"]
[EventDate "2016.03.19"]
[EventType "swiss"]
[EventRounds "7"]
[EventCountry "GER"]
[SourceTitle "CBM 171 Extra"]
[Source "ChessBase"]
[SourceDate "2016.04.26"]
[SourceVersion "1"]
[SourceVersionDate "2016.04.26"]
[SourceQuality "1"]

1. e4 c5 2. Nf3 d6 3. Bc4 Nc6 4. Ng5 e6 5. d3 Be7 6. Nf3 Nf6 7. Nc3 a6 8. d4 b5 9. Be2 b4 10. Na4 Nxe4 11. dxc5 Nxc5 12. Nxc5 dxc5 13. Qxd8+ Bxd8 14. Be3 Be7 15. 0-0 0-0 16. Rfd1 a5 17. Bb5 Na7 18. Bd7 Rd8 19. Bxc8 Raxc8 20. Bg5 f6 21. Be3 Nb5 22. a4 bxa3 23. Rxd8+ Rxd8 24. bxa3 Nxa3 25. Rc1 Nxc2 26. Bd2 Nd4 27. Nxd4 cxd4 28. Bxa5 Ra8 29. Bb6 e5 30. Rc7 Ra1+ 31. Rc1 Rxc1# 0-1